00419nam a2200121Ia 4500008004100000040001700041041001200058082001600070100005200086245008100138260006700219300001100286230917s9999||||xx |||||||||||||| ||und|| e187039aMAIN aEnglish a301.426 I8N aInternational Institute for Population Sciences 0aNational family health survey (MCH and family planning): Maharashtra 1992-93 aBombaybInternational Institute for Population Scienceesc1994 a298 p.